=LDR 00000nam 2200000 4500 =001 INLIS000000000011491 =005 20130612103041 =008 ***********************************Ind** =035 ##$$0010-061300000011491 =041 ##$$a Ind =082 ##$$a 380.1 =090 ##$$a 380.1, Din d =100 ##$$a Priadi, Budi Puspo =245 ##$$a Dinamika Perdagangan di jatinom, suatu gambaran rigkas, Budi Pospo Priadi, Marcelinus Molo =260 ##$$a 1989 $b Yogyakarta =300 ##$$a XIII, 57 hlm., 21 cm =650 ##$$a Perdagangan =850 ##$$a NBPNMAT